Sleisenger& Fordtran's Gastrointestinal and liver disease review and assessment (Registro nro. 90049)
[ vista simple ]
| 000 -ENCABEZADO | |
|---|---|
| Número de control [NR] | 01122nam a22002657a 4500 |
| 008 - DE LONGITUD FIJA DE DATOS DE ELEMENTOS - INFORMACIÓN GENERAL | |
| Elementos de longitud fija [NR] | 130821s1999 xxu gr eng |
| 020 ## - NUMERO INTERNACIONAL NORMALIZADO PARA LIBROS [R] | |
| Número Internacional Normalizado del libro [NR] | 0721677037 |
| 040 ## - FUENTE DE CATALOGACION [NR] | |
| Agencia de catalogación original [NR] | Co-BoUCM |
| Idioma de catalogación [NR] | spa |
| 041 00 - CODIGO DE IDIOMA [R] | |
| Código de idioma para texto/pista de sonido o título separado [R] | Inglés |
| 060 ## - SIGNATURA TOPOGRAFICA DE LA BIBLIOTECA NACIONAL DE MEDICINA (NLM) [R] | |
| Número clasificador [R] | WI 100 |
| -- | 5 |
| 100 1# - ASIENTO PRINCIPAL--NOMBRE PERSONAL [NR] | |
| Nombre personal [NR] | Weisiger, Richard. |
| 245 10 - MENCION DE TITULO [NR] | |
| Título [NR] | Sleisenger& Fordtran's Gastrointestinal and liver disease review and assessment |
| Mención de responsabilidad, etc. [NR] | Richard A. Weisiger, Lyman E. Bilhartz |
| 246 30 - FORMA VARIANTE DEL TITULO [R] | |
| Título propiamente dicho/forma breve del título [NR] | Gastrointestinal and liver disease |
| 246 30 - FORMA VARIANTE DEL TITULO [R] | |
| Título propiamente dicho/forma breve del título [NR] | Sleisenger and Fordtran's gastrointestinal and liver disease |
| 260 ## - PUBLICACION, DISTRIBUCION, ETC. (PIE DE IMPRENTA) [R] | |
| Lugar de publicación, distribución, etc. [R] | Filadelfia (Pensilvania, Estados Unidos) |
| Nombre del editor, distribuidor, etc. [R] | Saunders |
| Fecha de publicación, distribución, etc. [R] | c1999 |
| 300 ## - DESCRIPCION FISICA [R] | |
| Extensión [R] | viii, 222 páginas |
| 500 ## - NOTA GENERAL [R] | |
| Nota general [NR] | Written to accompany Sleisenger & Fordtran's Gastrointestinal and liver disease, 6th edition. |
| 650 04 - ASIENTO SECUNDARIO DE MATERIA - TERMINO TEMATICO [R] | |
| Término temático o nombre geográfico como elemento de entrada [NR] | Liver |
| Subdivisión general [R] | Enfermedades |
| Subdivisión de forma [R] | Exámenes |
| 9 (RLIN) | 18770 |
| 650 04 - ASIENTO SECUNDARIO DE MATERIA - TERMINO TEMATICO [R] | |
| Término temático o nombre geográfico como elemento de entrada [NR] | Sistema gastrointestinal |
| Subdivisión general [R] | Enfermedades |
| Subdivisión de forma [R] | Exámenes, preguntas, etc. |
| 9 (RLIN) | 24538 |
| 700 1# - ASIENTO SECUNDARIO - NOMBRE PERSONAL [R] | |
| Nombre personal [NR] | Bilhartz, Lyman. |
| 700 1# - ASIENTO SECUNDARIO - NOMBRE PERSONAL [R] | |
| Nombre personal [NR] | Fordtran, John S. |
| 700 1# - ASIENTO SECUNDARIO - NOMBRE PERSONAL [R] | |
| Nombre personal [NR] | Sleisenger, Marvin H. |
| 730 0# - ASIENTO SECUNDARIO - TITULO UNIFORME [R] | |
| Título uniforme [NR] | Sleisenger & Fordtran's gastrointestinal and liver disease. |
| Versión [NR] | 6th ed. |
| 942 ## - ELEMENTOS DE ENTRADA AGREGADOS (KOHA) | |
| Tipo de ítem principal el descrito en 300a | Libro |
| Tema principal | Medicina |
| Edición | 1 |
| Parte restante de la signatura top. | S632 |
| Sistema de clasificación | NLM |
| Clasificación | WI 100 |
| Total préstamos | Signatura topográfica | Código de barras | Última vez visto | Ejemplar | Price effective from | Tipo de ítem | Perdido | Sistema de clasificación | Dañado | No prestable | Tipo de ítem específico | Suprimido | Ubicación habitual | Ubicación actual | Localización | Fecha de creación | Forma de adquisición | Costo |
|---|---|---|---|---|---|---|---|---|---|---|---|---|---|---|---|---|---|---|
| WI 100 S632 | 200009199 | 01/12/2025 | Ej.1 | 03/02/2013 | Libro | NLM | Libro | Hospital Universitario Mayor | Hospital Universitario Mayor | 9no piso | 28/02/2004 | Donación | 26500.00 | |||||
| WI 100 S632 | 200009198 | 01/12/2025 | Ej.2 | 03/02/2013 | Libro | NLM | Libro | Hospital Universitario Mayor | Hospital Universitario Mayor | 9no piso | 28/02/2004 | Donación | 26500.00 |